00547nam a2200193Ia 450000500170000000800410001702000180005808200130007610000200008924500310010926000510014030000130019165000130020465000100021765000100022794200060023795200950024399900150033820241004070009.0240331s9999 xx 000 0 und d a9789553008398 bARAa820 aArasanayagam, J 0aFault lines :bthree plays aColombobGodage International Publishersc2008 a216 p ., aPolitics aPoems aWomen cL 001040708LaWERCLbWERCLcSSCd2024-03-31l0o 820 ARAp6411r2024-03-31w2024-03-31yL c4431d4431